Clinical Radiology (Record no. 37361)

MARC details
000 -LEADER
fixed length control field 00389nam a2200145Ia 4500
022 ## - INTERNATIONAL STANDARD SERIAL NUMBER
ISSN 0009-9260
050 ## - CALL MARK
Classification number R895 .C59
245 ## - TITLE STATEMENT
Title Clinical Radiology
250 ## - EDITION / VOLUME STATEMENT
Edition / Volume statement Vol. 79, No. 8
260 ## - PUBLICATION, DISTRIBUTION, ETC. (IMPRINT)
Place of publication UK
Name of publisher Royal College of Radiologists
Year of publication 2024
300 ## - PHYSICAL DESCRIPTION
Number of Pages p. : ill. ; 25 cm.
650 ## - SUBJECT ADDED ENTRY--TOPICAL TERM
Topical Term Clinical diagnostic imaging and radiology--periodical
942 ## - ADDED ENTRY ELEMENTS (KOHA)
Koha item type Serials
Source of classification Library of Congress Classification

No items available.